Analýza dane z príjmov FO so zameraním na pracovné príjmy bakalárska práca

Saved in:
Bibliographic Details
Main Author: Braunová, Lucia
Corporate Author: Národohospodárska fakulta EU. Katedra financií
Other Authors: Rabatinová, Marcela, 1977-
Format: Book
Language:Slovak
Published: Bratislava 2009
Tags: Add Tag
No Tags, Be the first to tag this record!

MARC

LEADER 00000nam$a2200000$$$4500
001 0102608
005 20240318141209.3
041 0 |a slo 
044 |a SK 
245 1 0 |a Analýza dane z príjmov FO so zameraním na pracovné príjmy  |b bakalárska práca  |c Lucia Braunová ; škol. Marcela Rabatinová 
264 1 |a Bratislava  |c 2009 
300 |a 41 s. 
100 1 |a Braunová, Lucia 
700 1 |a Rabatinová, Marcela, 1977- 
710 2 |a Národohospodárska fakulta EU. Katedra financií